|
|
|
|
| LEADER |
00000nam a22000007a 4500 |
| 008 |
150507b2012 cr ||||| |||| 00| 0 spa d |
| 020 |
|
|
|a 9789977770390
|
| 110 |
2 |
|
|9 44
|a Consejo Nacional de Rectores. Oficina de Planificación de la Educación Superior
|
| 245 |
|
|
|a Compendio leyes, decretos y convenios de la educación superior universitaria estatal en Costa Rica / Consejo Nacional de Rectores. Oficina de Planificación de la Educación Superior
|
| 250 |
|
|
|a 4 edición
|
| 260 |
|
|
|a San José, Costa Rica :
|b CONARE
|c 2012
|
| 300 |
|
|
|a 202 páginas
|
| 650 |
1 |
4 |
|9 45
|a LEGISLACIÓN
|
| 650 |
1 |
4 |
|9 8
|a EDUCACIÓN SUPERIOR
|
| 650 |
1 |
4 |
|9 16
|a UNIVERSIDADES
|
| 650 |
1 |
4 |
|9 46
|a CONVENIOS
|
| 651 |
|
4 |
|9 47
|a COSTA RICA
|
| 942 |
|
|
|i 003757
|h
|2 z
|c 01
|
| 999 |
|
|
|c 2560
|d 2560
|